Diccionario filosófico : (Record no. 28470)
[ view plain ]
| 000 -LEADER | |
|---|---|
| campo de control de longitud fija | 00538nam a22001937a 4500 |
| 001 - NÚMERO DE CONTROL | |
| campo de control | 00028444 |
| 005 - FECHA Y HORA DE LA ÚLTIMA TRANSACCIÓN | |
| campo de control | 20260304094522.0 |
| 008 - DATOS DE LONGITUD FIJA--INFORMACIÓN GENERAL | |
| campo de control de longitud fija | 260304b ag ||||| |||| 00| 0 spa d |
| 040 ## - FUENTE DE CATALOGACIÓN | |
| Centro catalogador/agencia de origen | AR-CcCEOS |
| Lengua de catalogación | Español; Castellano |
| Centro/agencia transcriptor | AR-CcCEOS |
| 041 ## - CÓDIGO DE IDIOMA | |
| Código de lengua del texto/banda sonora o título independiente | Español; Castellano |
| 080 ## - NÚMERO DE LA CLASIFICACIÓN DECIMAL UNIVERSAL | |
| Número de la Clasificación Decimal Universal | 1(44)"17" |
| 090 ## - LOCALMENTE ASIGNADO TIPO-LC NÚMERO DE CLASIFICACIÓN (OCLC); NÚMERO DE CLASIFICACIÓN LOCAL (RLIN) | |
| Número cutter local (OCLC) ; Número de libro/Signatura topográfica íntegra, CALL (RLIN) | VOL |
| 100 0# - ENTRADA PRINCIPAL--NOMBRE DE PERSONA | |
| Nombre de persona | Voltaire, |
| Fechas asociadas al nombre | 1694-1778 |
| 9 (RLIN) | 750 |
| 245 ## - MENCIÓN DEL TÍTULO | |
| Título | Diccionario filosófico : |
| Resto del título | obras escogidas / |
| Mención de responsabilidad, etc. | Voltaire |
| 264 ## - PRODUCCIÓN, PUBLICACIÓN, DISTRIBUCIÓN, FABRICACIÓN Y COPYRIGHT | |
| Producción, publicación, distribución, fabricación y copyright | Buenos Aires : |
| Nombre del de productor, editor, distribuidor, fabricante | El Ateneo. |
| 300 ## - DESCRIPCIÓN FÍSICA | |
| Extensión | 845 p. ; |
| Dimensiones | 19x13 cm. |
| 490 ## - MENCIÓN DE SERIE | |
| Designación de volumen o secuencia | Colección Clásicos Inolvidables |
| 942 ## - ELEMENTOS DE ENTRADA SECUNDARIOS (KOHA) | |
| Fuente de la clasificación o esquema de estantería | Clasificación decimal universal |
| Tipo de ítem Koha | Libros |
| Suprimir en OPAC | No |
| Estatus retirado | Estado de pérdida | Fuente de la clasificación o esquema de estantería | Estado de daño | No para préstamo | Biblioteca de origen | Biblioteca actual | Fecha de adquisición | Número de inventario | Total de préstamos | Signatura topográfica completa | Información codificada de la localización en otra ubicación | Colección | Código de barras | Visto por última vez | Precio de reemplazo | Tipo de ítem Koha |
|---|---|---|---|---|---|---|---|---|---|---|---|---|---|---|---|---|
| Clasificación decimal universal | Biblioteca Julio Serebrinsky | Biblioteca Julio Serebrinsky | 04/03/2026 | 42434 | 1(44)"17" | VOL | SER | 42434 | 04/03/2026 | 04/03/2026 | Libros |